书目信息 |
| 题名: |
爱丽丝漫游仙境
|
|
| 作者: | 卡洛尔, 著 ;阅读快车编委会 编著 | |
| 分册: | ||
| 出版信息: | 北京 北京理工大学出版社 2009.05 |
|
| 页数: | 176页 | |
| 开本: | 24cm | |
| 丛书名: | 阅读快车·游记号 | |
| 单 册: | ||
| 中图分类: | I561.88 | |
| 科图分类: | ||
| 主题词: | 童话--tong hua--缩写本--英国--近代 | |
| 电子资源: | ||
| ISBN: | 978-7-5640-2243-3 | |
| 000 | 01128nam 2200277 450 | |
| 001 | 012009408386 | |
| 005 | 20100102093418.29 | |
| 010 | @a978-7-5640-2243-3@dCNY15.00 | |
| 100 | @a20100102d2009 em y0chiy0120 ea | |
| 101 | 1 | @achi@ceng |
| 102 | @aCN@b110000 | |
| 105 | @aa z 000ay | |
| 106 | @ar | |
| 200 | 1 | @a爱丽丝漫游仙境@Aai li si man you xian jing@f(英) 刘易期·卡洛尔著@F(ying)liu yi qi·ka luo er zhu@g《阅读快车》编委会编著@G《yue du kuai che》bian wei hui bian zhu |
| 210 | @a北京@c北京理工大学出版社@d2009.05 | |
| 215 | @a176页@c图@d24cm | |
| 225 | 2 | @a阅读快车·游记号@Ayue du kuai che·you ji hao@h4 |
| 300 | @a教之星阅读越快乐 | |
| 330 | @a可以在巨人和袖珍人之间变来变去的爱丽丝,永远停在六点下午茶时间里的帽匠和三月兔,还有会笑的柴郡猫,最让人难以忍受的是红桃皇后……你想认识他们,了解们他们吗?……] | |
| 410 | 0 | @12001 @a阅读快车·游记号 |
| 606 | 0 | @a童话@Atong hua@x缩写本@y英国@z近代 |
| 690 | @aI561.88@v4 | |
| 701 | 1 | @a卡洛尔,@Aka luo er@b刘易期@4著 |
| 712 | 02 | @a阅读快车编委会@Ayue du kuai che bian wei hui@4编著 |
| 801 | 0 | @aCN@bQSSK@c20100102 |
| 905 | @b769599-601@dI561.88@eK060@f3 | |
| 爱丽丝漫游仙境/(英) 刘易期·卡洛尔著/《阅读快车》编委会编著.-北京:北京理工大学出版社,2009.05 |
| 176页:图;24cm.-(阅读快车·游记号.4) |
| 教之星阅读越快乐 |
| ISBN 978-7-5640-2243-3:CNY15.00 |
| 可以在巨人和袖珍人之间变来变去的爱丽丝,永远停在六点下午茶时间里的帽匠和三月兔,还有会笑的柴郡猫,最让人难以忍受的是红桃皇后……你想认识他们,了解们他们吗?……] |
| ● |
| 相关链接 |
|
|
|
正题名:爱丽丝漫游仙境
索取号:I561.88/K060
 
预约/预借
| 序号 | 登录号 | 条形码 | 馆藏地/架位号 | 状态 | 备注 |
| 1 | 769599 | 207695993 | 社科二线422/422社科库 30排2列4层/ [索取号:I561.88/K060] | 在馆 | |
| 2 | 769600 | 207696000 | 社科二线422/116文学库 22排4列1层/ [索取号:I561.88/K060] | 在馆 | |
| 3 | 769601 | 207696019 | 文学库116/116文学库 22排4列2层/ [索取号:I561.88/K060] | 在馆 |